| 000 | 00646nam a2200217 4500 | ||
|---|---|---|---|
| 003 | OSt | ||
| 005 | 20260530115302.0 | ||
| 008 | 260418b1975 ve |||| |||| 00| 0 spa d | ||
| 040 |
_aICI _bspa _cICI |
||
| 050 |
_aHT391 _bG45 |
||
| 100 | 1 |
_aGeorge, Pierre, _d1909-2006, _931353 |
|
| 245 | 1 | 0 |
_a La era de las tecnicas : _bConstrucciones o destrucciones? / _cTr. m. sagrera. |
| 264 | 1 |
_b Monte Avila, _c1975 _aCaracas : |
|
| 300 | _a199 pƔginas | ||
| 336 |
_atexto _2rdacontent |
||
| 337 |
_asin medio _2rdamedia |
||
| 338 |
_avolumen _2rdacarrier |
||
| 650 |
_a Planificación regional _931354 |
||
| 650 |
_a Urbanismo _9788 |
||
| 942 |
_2lcc _cBK |
||
| 999 |
_c12896 _d12896 |
||